000 00978nam a22002537a 4500
001 BD-DhSAU 615
003 BD-DhSAU
005 20150105200710.0
008 150105b2004 ii a|||| |||| 001 0deng d
020 _a8170353521
040 _cBD-DhSAU
082 _222
_a632.3
_bBIO
245 _aBiotechnological approaches for the integrated management of crop diseases /
_cC. D. Mayee ... [et al.]
260 _aDelhi :
_bDaya Publishing House ;
_cc2004.
300 _axxvi, 315 p. :
_bill. ;
_c25 cm.
440 _aProfessor L. V. Gangawane Festschrift Volume
504 _aIncludes bibliographical references & index.
590 _aJerin
650 _aPlant Pathology
650 _aBiotechnology
650 _aCrop diseases
700 _aedited by Mayee, C. D. [et al.]
856 _uhttps://books.google.com.bd/books?id=QGMUv-D3CkYC&dq=Biotechnological+approaches+for+the+integrated+management+of+crop+diseases&hl=en&sa=X&ei=LF6rVIz8FImTuAS4qoLACQ&redir_esc=y
942 _2ddc
_cBOOK
999 _c615
_d615